00323nam a2200133Ia 4500008004100000020001500041041001200056082001100068100001300079245004400092260003500136300000800171650001000179221030s9999 xx 000 0 und d a8131708284 aEnglish a105.23 aS. Ghosh 0aControl Systems : Theory & Applications bPearson EducationaDelhic2007 a612 aBB EE